00436nam a2200133Ia 4500008004100000020001800041082001800059100001500077245005400092260007800146300000900224440005100233700001800284210428s9999 xx 000 0 und d a1-56347-541-3 a660.04 A498 A aFrank K.LU 0aAdvanced Hypersonic Test Facilities /cFrank K.LU bAmerican Institute of Aeronautics and AstronauticsaWashington, DC c2002 a639p aProgress in astronautics and aeronautics V-198 aDan E. Marren